Paroles « Dans ma tête » (Jacob) - TP2L - Statistiques

Statistiques générales
  • Ce quiz a été pris 7 fois
  • Le résultat moyen est 268 sur 359
Statistiques - réponses
Hint Réponse % Correct
a
100%
bonne
100%
d’
100%
dans
100%
de
100%
est
100%
fils
100%
Couplet 1 J’
100%
j’
100%
Refrain L’
100%
l’
100%
la
100%
le
100%
love
100%
m’
100%
ma
100%
n’
100%
100%
oiseau
100%
on
100%
On
100%
pas
100%
planète
100%
s’
100%
song
100%
suis
100%
sur
100%
tête
100%
trop
100%
Venus
100%
Y’
100%
y’
100%
ai
75%
amour
75%
c’
75%
démons
75%
du
75%
et
75%
fragile
75%
je
75%
Je
75%
me
75%
Même
75%
même
75%
mes
75%
Oh
75%
pluie
75%
sait
75%
soleil
75%
un
75%
vois
75%
ailes
50%
ailleurs
50%
au
50%
beau
50%
ce
50%
chercheur
50%
coeur
50%
coeurs
50%
connais
50%
corps
50%
cris
50%
croire
50%
débile
50%
des
50%
dis
50%
écroule
50%
émerveillent
50%
en
50%
erreurs
50%
espace
50%
éteind
50%
étoiles
50%
feu
50%
film
50%
fou
50%
guide
50%
harmonie
50%
jamais
50%
juste
50%
les
50%
mais
50%
mélodie
50%
Mélodrame
50%
milieu
50%
moi
50%
noirceurs
50%
nos
50%
or
50%
ou
50%
peu
50%
peut-êtr
50%
Peut-être
50%
peut-être
50%
place
50%
qu’
50%
Couplet 2 Quand
50%
que
50%
qui
50%
rodéo
50%
sens
50%
sirènes
50%
souris
50%
sous
50%
spleen
50%
sublime
50%
tous
50%
tout
50%
une
50%
veuille
50%
vide
50%
vie
50%
viennent
50%
viens
50%
vrai
50%
chantons
25%
Hum
25%
Supp Eh
0%
Aucun quiz correspondant
Distribution des résultats
% des personnes avec chaque résultat
Percentile par nombre de réponses
Votre historique - résultats
Vous n’avez pas pris ce quiz